[Event "23rd Dubai Open 2023"]
[Site "Dubai UAE"]
[Date "2023.06.03"]
[Round "8.21"]
[White "Davtyan, Artur"]
[Black "Injac, Teodora"]
[Result "1/2-1/2"]
[WhiteTitle "IM"]
[BlackTitle "IM"]
[WhiteElo "2506"]
[BlackElo "2402"]
[WhiteFideId "13308327"]
[BlackFideId "932400"]
[EventDate "2023.05.27"]

1. d4 d5 2. c4 c6 3. Nf3 Nf6 4. Nc3 e6 5. e3 Nbd7 6. Qc2 Bd6 7. Bd3 O-O 8. O-O
dxc4 9. Bxc4 b5 10. Be2 Bb7 11. e4 e5 12. a3 Re8 13. Bg5 h6 14. Bh4 exd4 15.
Nxd4 Qb8 16. Bg3 Bxg3 17. hxg3 c5 18. Nf5 b4 19. Nd5 Nxd5 20. exd5 Bxd5 21. Rfd1
Nf6 22. Ne3 Rxe3 23. fxe3 Qxg3 24. Rxd5 Qxe3+ 25. Kh1 Nxd5 26. Bf3 Qd4 27. Qe4
Rd8 28. Rd1 Qf6 29. Rxd5 Rxd5 30. Qxd5 Qh4+ 31. Kg1 Qe1+ 32. Kh2 Qh4+ 1/2-1/2

[Event "23rd Dubai Open 2023"]
[Site "Dubai UAE"]
[Date "2023.06.03"]
[Round "8.22"]
[White "Mosadeghpour, Masoud"]
[Black "Movahed, Sina"]
[Result "1/2-1/2"]
[WhiteTitle "GM"]
[BlackTitle "FM"]
[WhiteElo "2479"]
[BlackElo "2359"]
[WhiteFideId "12519278"]
[BlackFideId "42520835"]
[EventDate "2023.05.27"]

1. e4 c5 2. Nf3 d6 3. Bc4 Nf6 4. Nc3 e6 5. O-O Be7 6. e5 dxe5 7. Nxe5 O-O 8. Re1
a6 9. Qf3 Ra7 10. a4 Nbd7 11. d3 Nxe5 12. Rxe5 b6 13. Re1 Rd7 14. Bg5 Bb7 15.
Qh3 Rd4 16. Be3 Rg4 17. f3 Rg6 18. Rad1 e5 19. Ne4 Nd5 20. Bc1 Kh8 21. Qf5 f6
22. Nc3 Nb4 23. Re4 Qe8 24. Be6 Nxc2 25. Bd7 Bxe4 26. dxe4 Qd8 27. Qh3 Nd4 28.
Bf5 Qe8 29. Be3 c4 30. Nd5 Bc5 31. Kh1 Nxf5 32. exf5 Bxe3 33. fxg6 Bh6 34. Nxb6
Qc6 35. a5 c3 36. bxc3 Qxc3 37. Qd7 hxg6 38. Qd6 Rf7 39. Nd7 Qc2 40. Nc5 Kh7 41.
Ne6 Be3 42. Qd3 Qxd3 43. Rxd3 Rb7 44. g4 Rb1+ 45. Kg2 Rb2+ 46. Kh1 Bf4 47. Rd7
Bh6 48. h4 g5 49. h5 Rb5 50. Rd8 Rxa5 51. Re8 e4 52. Nf8+ Kg8 53. Ng6+ Kf7 54.
Re7+ Kg8 55. fxe4 Ra2 56. Kg1 a5 57. Ra7 a4 58. e5 fxe5 59. Nxe5 Kf8 60. Nc4 Ke8
61. Kf1 Kd8 62. Ke1 Ke8 63. Kd1 Kf8 64. Ne3 Ra1+ 65. Ke2 Kg8 66. Nc2 Rc1 67. Kd2
Rf1 68. Rxa4 Rf4 69. Ra8+ Kh7 70. Ne3 g6 71. Ra7+ Bg7 72. Kd3 Kh6 73. Ra6 Rf6
74. Rxf6 Bxf6 1/2-1/2

[Event "23rd Dubai Open 2023"]
[Site "Dubai UAE"]
[Date "2023.06.03"]
[Round "8.23"]
[White "Chanda, Sandipan"]
[Black "Erdogmus, Yagiz Kaan"]
[Result "1/2-1/2"]
[WhiteTitle "GM"]
[BlackTitle "IM"]
[WhiteElo "2460"]
[BlackElo "2470"]
[WhiteFideId "5004225"]
[BlackFideId "44599790"]
[EventDate "2023.05.27"]

1. d4 Nf6 2. c4 e6 3. Nc3 d5 4. cxd5 exd5 5. Bg5 c6 6. Qc2 h6 7. Bh4 g6 8. e3
Bf5 9. Bd3 Bxd3 10. Qxd3 Bg7 11. Nf3 O-O 12. O-O a5 13. Ne5 Nbd7 14. f4 Qe8 15.
Bxf6 Nxf6 16. Rae1 Rd8 17. f5 g5 18. h4 Ne4 19. hxg5 Bxe5 20. dxe5 Qxe5 21. gxh6
Nf6 22. e4 d4 23. Nb1 Ng4 24. Qh3 Ne3 25. Rf2 Kh7 26. Nd2 Rg8 27. Nf3 Qxe4 28.
Nxd4 Rxg2+ 29. Rxg2 Qxg2+ 30. Qxg2 Nxg2 31. Re4 Ne3 32. Rxe3 Rxd4 33. Re7 Kxh6
34. Rxb7 f6 35. Rb6 Kg5 36. a3 Rc4 37. b4 axb4 38. axb4 Kxf5 39. b5 cxb5 40.
Rxb5+ Kf4 41. Rb2 f5 42. Kf2 Kg4 43. Kg2 f4 44. Kf2 Rc8 45. Kg2 Rc3 46. Ra2 Rg3+
47. Kf1 Rh3 48. Rg2+ Kf3 49. Rf2+ Ke4 50. Re2+ Re3 51. Kf2 Rxe2+ 52. Kxe2 f3+
53. Kf2 Kf4 54. Kf1 Ke3 55. Ke1 f2+ 56. Kf1 Kf3 1/2-1/2

[Event "23rd Dubai Open 2023"]
[Site "Dubai UAE"]
[Date "2023.06.03"]
[Round "8.24"]
[White "Badelka, Olga"]
[Black "Rios, Cristhian Camilo"]
[Result "0-1"]
[WhiteTitle "IM"]
[BlackTitle "GM"]
[WhiteElo "2406"]
[BlackElo "2469"]
[WhiteFideId "13509926"]
[BlackFideId "4403940"]
[EventDate "2023.05.27"]

1. e4 c5 2. Nf3 Nc6 3. Bb5 e6 4. Bxc6 bxc6 5. d3 Ne7 6. Qe2 Ng6 7. h4 h5 8. e5
f6 9. Qe4 Kf7 10. Na3 d5 11. exd6 Qxd6 12. Nc4 Qd5 13. Bd2 e5 14. Ne3 Qxe4 15.
dxe4 Nf4 16. O-O-O Bg4 17. Nxg4 hxg4 18. Ne1 Ne2+ 19. Kb1 Rd8 20. g3 c4 21. Ng2
c3 22. Be3 Be7 23. Rhe1 Rxd1+ 24. Rxd1 cxb2 25. Rd2 Nc3+ 26. Kxb2 Nxe4 27. Rd7
Rb8+ 28. Kc1 a5 29. Ra7 Rb5 30. Ne1 Ke6 31. Nd3 Nc3 32. Kd2 Nxa2 33. c4 Rb8 34.
Rxa5 Nb4 35. Nc5+ Bxc5 36. Bxc5 Rd8+ 37. Ke2 Nd3 38. Be3 Nb2 39. Ra6 Rc8 40. c5
Rc7 41. Bc1 Nc4 42. Kd3 Kd5 43. Ra4 e4+ 44. Kc3 Ne5 45. Be3 Nf3 46. Ra8 Rd7 47.
h5 Ne5 48. Re8 Nf7 49. Rg8 Nd8 50. h6 gxh6 51. Rxg4 Nf7 52. Rh4 Ke5 53. Rh5+ Ke6
54. Rh4 f5 55. g4 Rd3+ 56. Kc2 fxg4 57. Rxg4 Kd5 58. Rh4 Ra3 59. Kb2 Ra7 60. Kc3
Re7 61. Bd4 Re6 62. Rh5+ Ng5 63. Be3 Rf6 64. Rh1 Nf7 65. Rd1+ Ke6 66. Kd4 Kf5
67. Rh1 Ng5 68. Kc4 Kg6 69. Kd4 Rf5 70. Ra1 h5 71. Ra6 Rf6 72. Ra8 Kf5 73. Rh8
Nf3+ 74. Kc3 h4 75. Kc2 Rg6 76. Rf8+ Kg4 77. Rf4+ Kh5 78. Rxe4 h3 79. Bf4 Rg4
80. Kd3 Rxf4 81. Rxf4 h2 82. Rf8 Nh4 83. Rh8+ Kg5 84. Rg8+ Kf6 0-1

[Event "23rd Dubai Open 2023"]
[Site "Dubai UAE"]
[Date "2023.06.03"]
[Round "8.25"]
[White "Mchedlishvili, Mikheil"]
[Black "Ahmad, Al Khatib"]
[Result "1-0"]
[WhiteTitle "GM"]
[BlackTitle "GM"]
[WhiteElo "2553"]
[BlackElo "2344"]
[WhiteFideId "13600966"]
[BlackFideId "8103178"]
[EventDate "2023.05.27"]

1. e4 c5 2. Nf3 Nc6 3. Bb5 e5 4. O-O Bd6 5. d3 Nf6 6. Bg5 O-O 7. Nc3 a6 8. Bc4
Be7 9. Bxf6 Bxf6 10. a4 d6 11. Nd5 g6 12. c3 Bg7 13. h3 Be6 14. Re1 Rb8 15. Ra3
Kh8 16. Ne3 Bd7 17. Nd5 Be6 18. Qe2 Ne7 19. Nxe7 Qxe7 20. Bxe6 fxe6 21. Rb1 Bh6
22. b4 cxb4 23. Rxb4 b5 24. axb5 axb5 25. Rab3 Ra8 26. Rxb5 Ra1+ 27. Rb1 Qa7 28.
Qc2 Ra8 29. g3 Ra2 30. R5b2 Rxb2 31. Rxb2 Qc5 32. Kg2 Rc8 33. Rb3 Qc7 34. Qe2
Rb8 35. Qa2 Rf8 36. Ra3 Qf7 37. Nh2 d5 38. Ra7 Qf6 39. Ra8 Rxa8 40. Qxa8+ Qf8
41. Qc6 dxe4 42. Qxe4 Bg7 43. Nf3 Qb8 44. Qc6 Qg8 45. Ng5 e4 46. dxe4 1-0

[Event "23rd Dubai Open 2023"]
[Site "Dubai UAE"]
[Date "2023.06.03"]
[Round "8.26"]
[White "Tissir, Mohamed"]
[Black "Vasquez Schroeder, Rodrigo"]
[Result "0-1"]
[WhiteTitle "IM"]
[BlackTitle "GM"]
[WhiteElo "2354"]
[BlackElo "2524"]
[WhiteFideId "9000240"]
[BlackFideId "3400042"]
[EventDate "2023.05.27"]

1. e4 c6 2. d4 d5 3. Nc3 dxe4 4. Nxe4 Nd7 5. Bd3 Ngf6 6. Ng5 g6 7. N1f3 Bg7 8.
O-O O-O 9. Ne5 h6 10. Ngf3 c5 11. c3 cxd4 12. cxd4 Nb6 13. Re1 Nbd5 14. Bd2 Bf5
15. Bc4 Qb6 16. Bb3 Rac8 17. h3 Rc7 18. Rc1 Rfc8 19. Rxc7 Rxc7 20. Qe2 e6 21.
Rc1 Be4 22. Qe1 Ne7 23. Nc4 Qa6 24. Nce5 Qd6 25. Nc4 Qd8 26. Nce5 Bd5 27. Qd1
Bxb3 28. Qxb3 Ne4 29. Rxc7 Qxc7 30. Qa4 Qd8 31. Be3 a6 32. Qc2 Nd6 33. Qc1 Kh7
34. Qc2 Nd5 35. h4 Kg8 36. Qc1 Nf5 37. g4 Ndxe3 38. fxe3 Nxh4 39. Nxh4 Qxh4 40.
Qc8+ Kh7 41. Qxb7 Bxe5 42. dxe5 Qxg4+ 43. Kf2 Qf5+ 44. Kg2 a5 45. Qb5 Qc2+ 46.
Kg3 a4 47. Qb4 Kg7 48. b3 axb3 49. axb3 Qd3 50. Kf2 g5 51. Qb7 Qf5+ 52. Kg2 g4
53. b4 h5 54. b5 h4 55. b6 Qc2+ 56. Kf1 Qd1+ 57. Kg2 Qe2+ 58. Kh1 Qf1+ 0-1

[Event "23rd Dubai Open 2023"]
[Site "Dubai UAE"]
[Date "2023.06.03"]
[Round "8.27"]
[White "Gharibyan, Mamikon"]
[Black "Mamatov, Melis"]
[Result "1/2-1/2"]
[WhiteTitle "IM"]
[BlackTitle "FM"]
[WhiteElo "2500"]
[BlackElo "2399"]
[WhiteFideId "13308300"]
[BlackFideId "13800027"]
[EventDate "2023.05.27"]

1. d4 d5 2. Nf3 Nf6 3. Bf4 c5 4. e3 Nc6 5. Nbd2 Qb6 6. dxc5 Qxc5 7. a3 g6 8. b4
Qb6 9. c4 Bg7 10. Rc1 O-O 11. Be2 Qd8 12. O-O dxc4 13. Nxc4 Nd5 14. Bg3 Nc3 15.
Qe1 Nxe2+ 16. Qxe2 Qd5 17. Rfd1 Qb5 18. Qe1 Bg4 19. Na5 Nxa5 20. Rc5 Qa4 21.
Rxa5 Qb3 22. Rb1 Qa2 23. Nd4 b6 24. Ra1 Qb2 25. Rb1 Qa2 26. Ra1 Qb2 27. Rb1 Qa2 1/2-1/2

[Event "23rd Dubai Open 2023"]
[Site "Dubai UAE"]
[Date "2023.06.03"]
[Round "8.28"]
[White "Zou, Chen"]
[Black "Saeed, Ishaq"]
[Result "1-0"]
[WhiteTitle "IM"]
[BlackTitle "IM"]
[WhiteElo "2413"]
[BlackElo "2303"]
[WhiteFideId "8610959"]
[BlackFideId "9301453"]
[EventDate "2023.05.27"]

1. e4 e5 2. Nf3 Nc6 3. Bb5 a6 4. Ba4 Nf6 5. O-O b5 6. Bb3 Bb7 7. d3 Be7 8. Re1
O-O 9. Nbd2 d6 10. c3 Na5 11. Bc2 c5 12. Nf1 Re8 13. Ng3 g6 14. d4 Bf8 15. d5
Nc4 16. h3 h6 17. b3 Nb6 18. Be3 Kh7 19. Qd2 Bc8 20. Nh2 Ra7 21. f3 Bg7 22. Rf1
Rae7 23. Ng4 Ng8 24. Bd3 c4 25. Bc2 cxb3 26. axb3 Qc7 27. Nf2 Bb7 28. Ra2 Rc8
29. Rfa1 Nd7 30. Ne2 Ree8 31. Nd3 Ne7 32. Nb4 Nc5 33. Kh1 f5 34. Bxc5 Qxc5 35.
Nxa6 Qb6 36. Nb4 fxe4 37. Bxe4 Rf8 38. Qd3 Nf5 39. Ra5 Ra8 40. Rxa8 Bxa8 41.
Bxf5 gxf5 42. Ng3 e4 43. fxe4 fxe4 44. Nxe4 Kh8 45. Qg3 Be5 46. Qg6 Qe3 47. Nxd6
Qf4 48. Nf7+ Rxf7 49. Rxa8+ Rf8 50. Rxf8+ Qxf8 51. Kg1 Qc5+ 52. Kf1 Bxc3 53.
Qxh6+ Kg8 54. Nc6 Qa3 55. Qe6+ Kf8 56. Qc8+ Kf7 57. Nd8+ Ke7 58. Qxc3 Kxd8 59.
Qf6+ Kc8 60. Qc6+ Kd8 61. Qf6+ Kc8 62. Qe6+ Kb8 63. d6 Qc1+ 64. Kf2 Qd2+ 65. Kg3
Qg5+ 66. Qg4 Qe3+ 67. Qf3 Qe1+ 68. Kh2 Qd2 69. Qg3 Kc8 70. h4 b4 71. Qe5 Qf2 72.
Qe8+ Kb7 73. Qe7+ Kc6 74. d7 Qf4+ 75. Kh3 Qf5+ 76. Kg3 Qg6+ 77. Kh2 1-0

[Event "23rd Dubai Open 2023"]
[Site "Dubai UAE"]
[Date "2023.06.03"]
[Round "8.29"]
[White "Sibashvili, Giorgi"]
[Black "Yeganegi, Barad"]
[Result "1/2-1/2"]
[WhiteTitle "IM"]
[WhiteElo "2408"]
[BlackElo "2205"]
[WhiteFideId "13602799"]
[BlackFideId "42516340"]
[EventDate "2023.05.27"]

1. Nf3 d5 2. b3 Bf5 3. Bb2 e6 4. d3 h6 5. Nbd2 Nf6 6. g3 c6 7. Bg2 Be7 8. e4
dxe4 9. dxe4 Bh7 10. Qe2 Nbd7 11. O-O O-O 12. Nd4 Qc7 13. Kh1 Bc5 14. Rad1 Rad8
15. Nc4 b5 16. e5 Nd5 17. Nd6 b4 18. Nc4 N7b6 19. f4 Bxd4 20. Bxd4 c5 21. Nxb6
axb6 22. Bb2 Nc3 23. Bxc3 bxc3 24. Qe3 Bxc2 25. Rc1 Bf5 26. Rxc3 Qd7 27. Be4
Bxe4+ 28. Qxe4 Qd4 29. Qxd4 Rxd4 30. Kg2 Rfd8 1/2-1/2

[Event "23rd Dubai Open 2023"]
[Site "Dubai UAE"]
[Date "2023.06.03"]
[Round "8.30"]
[White "Uskov, Artem"]
[Black "Buksa, Nataliya"]
[Result "1/2-1/2"]
[WhiteTitle "IM"]
[BlackTitle "IM"]
[WhiteElo "2367"]
[BlackElo "2406"]
[WhiteFideId "34254854"]
[BlackFideId "14123622"]
[EventDate "2023.05.27"]

1. e4 c5 2. Nf3 e6 3. d4 cxd4 4. Nxd4 Nc6 5. Nc3 Nf6 6. Ndb5 d6 7. Bf4 e5 8. Bg5
a6 9. Na3 b5 10. Nd5 Be7 11. Bxf6 Bxf6 12. c3 Ne7 13. Nxf6+ gxf6 14. Nc2 Bb7 15.
Bd3 d5 16. exd5 Qxd5 17. Ne3 Qe6 18. Bc2 h5 19. Bb3 Qc6 20. Qc2 Rd8 21. Rd1
Rxd1+ 22. Kxd1 f5 23. Kc1 f4 24. Nf5 Qg6 25. Nxe7 Qxc2+ 26. Bxc2 Kxe7 27. Re1
Ke6 28. g3 fxg3 29. fxg3 f5 30. Rf1 e4 31. Rf4 h4 32. g4 fxg4 33. Rxg4 Kf5 34.
h3 Ke5 35. Kd2 Rf8 36. Ke2 Bd5 37. Bb3 Bxb3 38. axb3 Rf3 39. Rxh4 b4 40. Rh5+
Kf4 41. Rh4+ Ke5 42. Rh5+ Kf4 43. Rh4+ 1/2-1/2

[Event "23rd Dubai Open 2023"]
[Site "Dubai UAE"]
[Date "2023.06.03"]
[Round "8.31"]
[White "Winkelman, Albert"]
[Black "Miladinovic, Igor"]
[Result "0-1"]
[WhiteTitle "FM"]
[BlackTitle "GM"]
[WhiteElo "2227"]
[BlackElo "2507"]
[WhiteFideId "3219941"]
[BlackFideId "4203380"]
[EventDate "2023.05.27"]

1. e4 c6 2. d4 d5 3. Nc3 dxe4 4. Nxe4 Nf6 5. Nxf6+ exf6 6. c3 Bd6 7. Bd3 O-O 8.
Ne2 Re8 9. O-O Nd7 10. Ng3 g6 11. Ne4 Be7 12. Bf4 Nb6 13. Bg3 f5 14. Nc5 Nd5 15.
h3 b6 16. Nb3 a5 17. Nd2 Be6 18. Nc4 b5 19. Ne5 Qb6 20. a4 Bf6 21. Qd2 Red8 22.
Qe2 f4 23. Bh2 bxa4 24. Rxa4 Bxe5 25. dxe5 Rab8 26. c4 Nb4 27. Bb1 Qd4 28. b3
Qc3 29. Ra3 Rd4 30. Qe1 Qb2 31. Qc1 Qxc1 32. Rxc1 Rbd8 33. Rf1 g5 34. Ra1 Kg7
35. Re1 Rd2 36. Be4 Nc2 37. Bxc2 Rxc2 38. Rec1 Rb2 39. Rcb1 Rxb1+ 40. Rxb1 Rb8
41. Ra1 Rxb3 42. Kh1 Bxc4 43. Rxa5 Bb5 44. f3 Kg6 45. Bg1 Rb2 46. Ra1 Kf5 47.
Rd1 Ke6 48. Rd6+ Kxe5 49. Bd4+ Kxd6 50. Bxb2 c5 51. Kg1 Kd5 52. Kf2 Ke6 53. Ba3
c4 54. Bb2 Kf5 55. Bc3 Ba4 56. Ba5 h5 57. Ke1 Bb5 58. Bc3 g4 59. h4 Bc6 60. Ke2
Bb7 61. Bd2 Ba6 62. Bc3 Bb5 63. Kf2 Ba4 64. Ke2 Bc2 65. Ke1 Ke6 66. Bd2 Ke5 67.
Bc3+ Kd5 68. Bd2 gxf3 69. gxf3 Kd4 70. Bxf4 Kd3 71. Bg5 Ba4 72. Bh6 Bc6 73. Kf2
c3 74. Bg5 Kc2 75. Bf6 Kd2 76. Bg5+ Kd1 0-1

[Event "23rd Dubai Open 2023"]
[Site "Dubai UAE"]
[Date "2023.06.03"]
[Round "8.32"]
[White "Kacharava, Nikolozi"]
[Black "Laddha, Shubh Jayesh"]
[Result "0-1"]
[WhiteTitle "IM"]
[BlackTitle "FM"]
[WhiteElo "2550"]
[BlackElo "2397"]
[WhiteFideId "13611860"]
[BlackFideId "30942799"]
[EventDate "2023.05.27"]

1. e4 e5 2. Nf3 Nc6 3. Bb5 a6 4. Ba4 Nf6 5. O-O Be7 6. d3 b5 7. Bb3 d6 8. Bd2
O-O 9. h3 h6 10. Re1 Re8 11. a4 Bd7 12. axb5 axb5 13. Nc3 Rb8 14. Nd5 Bf8 15. c3
Nxd5 16. Bxd5 Ne7 17. Bb3 Ng6 18. d4 Bc6 19. Bc2 Ra8 20. Rc1 Qf6 21. Nh2 Bd7 22.
Be3 Ra2 23. dxe5 Nxe5 24. b3 Qg6 25. Kh1 Bc6 26. f3 Rea8 27. Re2 Qf6 28. f4 Ng6
29. Ng4 Qd8 30. Kh2 h5 31. Nf2 Qf6 32. Qd4 Qd8 33. Nd3 Bb7 34. Bd2 c5 35. Qf2
Qe7 36. Qf3 Re8 37. Qxh5 Bxe4 38. Bb1 Ra6 39. Nf2 d5 40. Nxe4 dxe4 41. Rxe4 Qd7
42. Rxe8 Qxe8 43. Re1 Qd7 44. Re2 Rf6 45. Qf3 Rd6 46. Qf2 Be7 47. Be3 Rd1 48.
Bc2 Rd5 49. Be4 Rd1 50. Ra2 f5 51. Bc2 Rd5 52. c4 bxc4 53. bxc4 Rd6 54. Ra8+ Kh7
55. Qf3 Nh4 56. Qh5+ Rh6 57. Qe8 Qb7 58. Qg8+ Kg6 59. Qe6+ Bf6 60. Qe8+ Kh7 61.
Qg8+ Kg6 62. Qe8+ Kh7 63. Qg8+ Kg6 64. Qd5 Qb2 65. Qd3 Qb7 66. Qd5 Qb2 67. Ba4
Rh7 68. Qd2 Qb7 69. Qd5 Qb2 70. Qd2 Qb7 71. Be8+ Kh6 72. Ra2 Rh8 73. Bb5 Rd8 74.
Qf2 Rd1 75. Bxc5 Qe4 76. Re2 Qb1 77. Re8 Rh1+ 78. Kg3 Ng6 79. Qd2 Bh4+ 80. Kf3
Rf1+ 81. Ke3 Re1+ 82. Kd4 Rxe8 83. Bxe8 Qe4+ 84. Kc3 Be1 0-1

[Event "23rd Dubai Open 2023"]
[Site "Dubai UAE"]
[Date "2023.06.03"]
[Round "8.33"]
[White "Raja, Rithvik R"]
[Black "Mkrtchyan, Mariam"]
[Result "1-0"]
[WhiteTitle "GM"]
[BlackTitle "WIM"]
[WhiteElo "2476"]
[BlackElo "2360"]
[WhiteFideId "35007394"]
[BlackFideId "13310828"]
[EventDate "2023.05.27"]

1. d4 Nf6 2. c4 e6 3. Nf3 d5 4. Nc3 Nbd7 5. Bf4 dxc4 6. e3 Bd6 7. Bxd6 cxd6 8.
Bxc4 Nb6 9. Bd3 Nbd5 10. Nxd5 Nxd5 11. O-O O-O 12. Qd2 Bd7 13. e4 Ne7 14. Rac1
Ng6 15. Rc3 Rc8 16. Rxc8 Bxc8 17. Rc1 e5 18. dxe5 dxe5 19. Bc4 Qxd2 20. Nxd2 Rd8
21. Nf1 Nf4 22. Ne3 Be6 23. g3 Nh3+ 24. Kg2 Ng5 25. Bd5 Bxd5 26. exd5 Ne4 27.
Rc7 Nd6 28. b3 f6 29. Kf3 a6 30. g4 h6 31. h4 h5 32. gxh5 f5 33. Re7 Nf7 34.
Nxf5 Rxd5 35. Ke3 Ra5 36. Rxb7 Rxa2 37. Ne7+ Kh7 38. Ng6 Nh6 39. Rb8 Ng8 40.
Nf8+ Kh8 41. Ne6 a5 42. Ra8 Ra3 43. Nc5 Kh7 44. Ke4 Nf6+ 45. Kxe5 Nxh5 46. Kf5
Nf6 47. Ne6 Ng8 48. Ng5+ Kh8 49. Kg6 Rxb3 50. Nf7# 1-0

[Event "23rd Dubai Open 2023"]
[Site "Dubai UAE"]
[Date "2023.06.03"]
[Round "8.34"]
[White "Hesham, Abdelrahman"]
[Black "Lim, Zhuo Ren"]
[Result "1-0"]
[WhiteTitle "GM"]
[BlackTitle "FM"]
[WhiteElo "2409"]
[BlackElo "2294"]
[WhiteFideId "10600183"]
[BlackFideId "5702488"]
[EventDate "2023.05.27"]

1. d4 Nf6 2. c4 e6 3. Nc3 Bb4 4. f3 c5 5. d5 b5 6. e4 d6 7. Bd2 a6 8. a3 Ba5 9.
Nge2 O-O 10. Nf4 e5 11. Nd3 Nbd7 12. Nf2 Rb8 13. cxb5 Bxc3 14. bxc3 axb5 15. Be2
c4 16. a4 Ba6 17. axb5 Bxb5 18. Be3 Qc8 19. O-O Nc5 20. Qc2 Nb3 21. Ra3 Nd7 22.
Nd1 Ndc5 23. Nb2 Ra8 24. Nxc4 Rxa3 25. Nxa3 Bxe2 26. Qxe2 f5 27. Nb5 Qa6 28.
exf5 Rxf5 29. c4 Rf6 30. Rb1 h6 31. Qc2 Qa5 32. h3 Na1 33. Qd1 Ncb3 34. Kh2 Rg6
35. Qd3 Kh7 36. Nxd6 Qa2 37. Rg1 Nc2 38. Nf5 Ne1 39. Qf1 Nd2 40. Bxd2 Qxd2 41.
Nh4 Qf4+ 42. g3 Qd2+ 43. Kh1 Nd3 44. Rg2 1-0

[Event "23rd Dubai Open 2023"]
[Site "Dubai UAE"]
[Date "2023.06.03"]
[Round "8.35"]
[White "Farahat, Ali"]
[Black "Bai, Adelard"]
[Result "1-0"]
[WhiteTitle "IM"]
[BlackTitle "FM"]
[WhiteElo "2361"]
[BlackElo "2409"]
[WhiteFideId "10600507"]
[BlackFideId "16301188"]
[EventDate "2023.05.27"]

1. d4 Nf6 2. Nf3 d5 3. c4 c6 4. Nc3 dxc4 5. e4 b5 6. Be2 e6 7. O-O Qc7 8. a4 b4
9. e5 bxc3 10. exf6 cxb2 11. fxg7 Bxg7 12. Bxb2 O-O 13. Qc2 h6 14. Bxc4 Nd7 15.
Rfc1 Nb6 16. Be2 Rb8 17. Ne5 Bb7 18. Ra3 Nd5 19. Rg3 f5 20. Bc4 Rfd8 21. Rg6 Qe7
22. Re1 Kh7 23. Bc1 Re8 24. g4 Rf8 25. Qd3 Rf6 26. Rxf6 Bxf6 27. gxf5 Qg7+ 28.
Kf1 exf5 29. Qxf5+ Kh8 30. Bxh6 Qxh6 31. Nf7+ 1-0

[Event "23rd Dubai Open 2023"]
[Site "Dubai UAE"]
[Date "2023.06.03"]
[Round "8.36"]
[White "Averin, Nikolay"]
[Black "Gajcin, Marina"]
[Result "1-0"]
[WhiteTitle "FM"]
[BlackTitle "WIM"]
[WhiteElo "2259"]
[BlackElo "2256"]
[WhiteFideId "24250473"]
[BlackFideId "949086"]
[EventDate "2023.05.27"]

1. e4 c5 2. Nf3 Nc6 3. d4 cxd4 4. Nxd4 Nf6 5. Nc3 e5 6. Ndb5 d6 7. Bg5 a6 8. Na3
b5 9. Nd5 Be7 10. Bxf6 Bxf6 11. c3 Bg5 12. Nc2 Rb8 13. Be2 O-O 14. O-O g6 15.
Qd3 Kh8 16. Rad1 a5 17. h3 f5 18. Bf3 Bd7 19. exf5 gxf5 20. Nde3 e4 21. Qxd6
exf3 22. Qxd7 Qxd7 23. Rxd7 f4 24. Ng4 fxg2 25. Kxg2 h5 26. Nh2 Ne5 27. Rd5 Bf6
28. Re1 Rg8+ 29. Kf1 Rge8 30. Re4 Kg7 31. Rxf4 Nc4 32. Rd7+ Kg6 33. Nf3 Rbd8 34.
Rxd8 Rxd8 35. Ncd4 Nxb2 36. Nxb5 Rd1+ 37. Ke2 Ra1 38. a3 Nd1 39. c4 Rc1 40. Kd2
Bb2 41. Ne1 Ra1 42. Nd3 Bg7 43. Re4 Kf5 44. Nd6+ Kg6 45. c5 Rxa3 46. Nf4+ Kg5
47. Kxd1 a4 48. h4+ Kh6 49. Nf7+ Kh7 50. Ng5+ Kg8 51. Re8+ 1-0

[Event "23rd Dubai Open 2023"]
[Site "Dubai UAE"]
[Date "2023.06.03"]
[Round "8.37"]
[White "Chernobay, Artem"]
[Black "Al Qudaimi, Basheer"]
[Result "1-0"]
[WhiteTitle "GM"]
[BlackTitle "IM"]
[WhiteElo "2484"]
[BlackElo "2401"]
[WhiteFideId "4167406"]
[BlackFideId "9400346"]
[EventDate "2023.05.27"]

1. e4 e5 2. Nf3 Nc6 3. Nc3 d6 4. d4 Bg4 5. Bb5 exd4 6. Qxd4 Qd7 7. Qa4 Bxf3 8.
gxf3 a6 9. Be3 Rb8 10. Bxc6 Qxc6 11. Qb3 Nf6 12. Rg1 g6 13. Bd4 Bg7 14. Nd5 Nh5
15. Bxg7 Nxg7 16. Nf6+ Ke7 17. Nd5+ Kf8 18. O-O-O Qc5 19. f4 Ne8 20. Qh3 Kg7 21.
Ne3 Rg8 22. Qh4 Kh8 23. Rd5 Qb4 24. f5 c6 25. a3 Qb6 26. fxg6 fxg6 27. Rdg5 Qd8
28. Qh6 Qf6 29. Nf5 Nc7 30. Nh4 Ne6 31. Nxg6+ Rxg6 32. Rxg6 Qf4+ 33. Kb1 Qxf2
34. Rg7 1-0

[Event "23rd Dubai Open 2023"]
[Site "Dubai UAE"]
[Date "2023.06.03"]
[Round "8.38"]
[White "Panda, Sambit"]
[Black "Mandura, Tijana"]
[Result "1-0"]
[WhiteTitle "IM"]
[BlackTitle "WIM"]
[WhiteElo "2436"]
[BlackElo "2203"]
[WhiteFideId "25091794"]
[BlackFideId "16500270"]
[EventDate "2023.05.27"]

1. d4 Nf6 2. c4 e6 3. Nf3 Bb4+ 4. Nbd2 O-O 5. a3 Be7 6. e4 d6 7. Be2 Nfd7 8. O-O
e5 9. Nb1 exd4 10. Nxd4 Nc5 11. Nc3 Bf6 12. Be3 Re8 13. Qc2 Nc6 14. Rad1 Nxd4
15. Bxd4 Bxd4 16. Rxd4 Ne6 17. Rd2 Qh4 18. g3 Qh6 19. f4 Bd7 20. Bf3 Bc6 21. b4
b6 22. Bg2 a5 23. Nd5 axb4 24. axb4 Ra7 25. Qc3 f6 26. e5 fxe5 27. fxe5 Ng5 28.
Rdf2 Ne6 29. Qf3 Raa8 30. Qf7+ Kh8 31. Nxc7 Bxg2 32. Nxe8 Qe3 33. Kxg2 Qe4+ 34.
Kg1 1-0

[Event "23rd Dubai Open 2023"]
[Site "Dubai UAE"]
[Date "2023.06.03"]
[Round "8.39"]
[White "Alothman, Ali Layth Ahmed"]
[Black "Al Hosani, Omran"]
[Result "0-1"]
[WhiteTitle "FM"]
[BlackTitle "IM"]
[WhiteElo "2224"]
[BlackElo "2270"]
[WhiteFideId "4801920"]
[BlackFideId "9308733"]
[EventDate "2023.05.27"]

1. d4 Nf6 2. Nf3 g6 3. c4 Bg7 4. Nc3 d5 5. cxd5 Nxd5 6. e4 Nxc3 7. bxc3 c5 8.
Be3 Nc6 9. Rc1 Qa5 10. Bd2 O-O 11. d5 Ne5 12. Nxe5 Bxe5 13. Qb3 Qc7 14. g3 Bd7
15. Bg2 c4 16. Qc2 e6 17. O-O exd5 18. exd5 Qd6 19. Rfe1 Rfe8 20. Be3 b5 21. f4
Bf6 22. Qf2 Bd8 23. Kh1 Bb6 24. Bd4 Bxd4 25. Qxd4 a5 26. h4 h5 27. Bf3 Rac8 28.
Re5 f6 29. Ree1 Rxe1+ 30. Rxe1 b4 31. Re6 Bxe6 32. Qxf6 Kh7 33. f5 gxf5 34. Qg5
Bd7 35. Qxh5+ Qh6 36. Qf7+ Qg7 37. Qh5+ Kg8 38. d6 bxc3 39. Bd5+ Kf8 40. Qe2 Re8 0-1

[Event "23rd Dubai Open 2023"]
[Site "Dubai UAE"]
[Date "2023.06.04"]
[Round "9.2"]
[White "Sindarov, Javokhir"]
[Black "Matlakov, Maxim"]
[Result "1/2-1/2"]
[WhiteTitle "GM"]
[BlackTitle "GM"]
[WhiteElo "2661"]
[BlackElo "2662"]
[WhiteFideId "14205483"]
[BlackFideId "4168003"]
[EventDate "2023.05.27"]

1. e4 c5 2. Nf3 Nc6 3. Nc3 g6 4. d4 cxd4 5. Nxd4 Bg7 6. Be3 Nf6 7. Bc4 O-O 8.
Bb3 d6 9. f3 Qa5 10. Qd2 Nxd4 11. Bxd4 Be6 12. O-O-O b5 13. Nd5 Qxd2+ 14. Rxd2
Bxd5 15. Bxd5 Nxd5 16. Bxg7 Kxg7 17. Rxd5 a6 18. a4 Rfc8 19. axb5 axb5 20. Rhd1
Rab8 21. b4 Kf6 22. Kb2 Rc6 23. Kb3 h5 24. Ra1 e6 25. Rd3 Rb7 26. Ra8 h4 27. g3
hxg3 28. hxg3 g5 29. Rd8 Ke5 30. Rg8 Kf6 31. Rd8 Ke5 32. Rg8 Kf6 33. Rd8 Ke5 34.
Rg8 f6 35. c3 Rcc7 1/2-1/2